Changing nature of pastoralism: development, Pastures and Maldharis of Gujarat (Record no. 11442)
[ view plain ]
| 000 -LEADER | |
|---|---|
| fixed length control field | 00489nam a2200169Ia 4500 |
| 082 ## - DEWEY DECIMAL CLASSIFICATION NUMBER | |
| Classification number | RB.0223 |
| 100 ## - MAIN ENTRY--AUTHOR NAME | |
| Personal name | Bharwada, Charul |
| 245 #0 - TITLE STATEMENT | |
| Title | Changing nature of pastoralism: development, Pastures and Maldharis of Gujarat |
| Sub Title | : |
| 260 ## - PUBLICATION, DISTRIBUTION, ETC. (IMPRINT) | |
| Place of publication | Surat |
| Name of publisher | Centre for Social Studies |
| Year of publication | 2006 |
| 300 ## - PHYSICAL DESCRIPTION | |
| Number of Pages | 130 |
| 504 ## - BIBLIOGRAPHY, ETC. NOTE | |
| Bibliography, etc | includes bibliography |
| 650 ## - SUBJECT ADDED ENTRY--TOPICAL TERM | |
| Topical Term | Pastures |
| Geographic subdivision | Gujarat |
| 650 ## - SUBJECT ADDED ENTRY--TOPICAL TERM | |
| Topical Term | Pasture ecology |
| Geographic subdivision | Gujarat |
| 650 ## - SUBJECT ADDED ENTRY--TOPICAL TERM | |
| Topical Term | Nomads |
| Geographic subdivision | Gujarat |
| 650 ## - SUBJECT ADDED ENTRY--TOPICAL TERM | |
| Topical Term | Maldharis |
| Geographic subdivision | Gujarat |
| 942 ## - ADDED ENTRY ELEMENTS (KOHA) | |
| Koha item type | Research Reports |
| Source of classification or shelving scheme | Dewey Decimal Classification |
| Withdrawn status | Lost status | Damaged status | Not for loan | Home library | Current library | Date acquired | Source of acquisition | Bill Date | Full call number | Accession Number | Price effective from | Koha item type |
|---|---|---|---|---|---|---|---|---|---|---|---|---|
| NASSDOC Library | NASSDOC Library | 22/11/2000 | Gifted by : IC Division, ICSSR | 2006-11-08 | RB.0223 | 43027 | 18/04/2019 | Research Reports |
